Laughter Yoga (Record no. 1660)
[ view plain ]
| 000 -LEADER | |
|---|---|
| fixed length control field | 00327nam a2200145Ia 4500 |
| 008 - FIXED-LENGTH DATA ELEMENTS--GENERAL INFORMATION | |
| fixed length control field | 230406s9999 xx 000 0 und d |
| 020 ## - INTERNATIONAL STANDARD BOOK NUMBER | |
| International Standard Book Number | 9780143441205 |
| 082 ## - DEWEY DECIMAL CLASSIFICATION NUMBER | |
| Classification number | 152.43 |
| Item number | KATL |
| 100 ## - MAIN ENTRY--PERSONAL NAME | |
| Personal name | Madan Kataria |
| 245 #0 - TITLE STATEMENT | |
| Title | Laughter Yoga |
| 260 ## - PUBLICATION, DISTRIBUTION, ETC. | |
| Place of publication, distribution, etc. | Gurugram |
| Name of publisher, distributor, etc. | Ebury Press |
| 300 ## - PHYSICAL DESCRIPTION | |
| Extent | 232 |
| 650 ## - SUBJECT ADDED ENTRY--TOPICAL TERM | |
| Topical term or geographic name entry element | Pranayam |
| 942 ## - ADDED ENTRY ELEMENTS (KOHA) | |
| Koha item type | Book |
| Withdrawn status | Lost status | Source of classification or shelving scheme | Damaged status | Not for loan | Home library | Current library | Date acquired | Cost, normal purchase price | Total Checkouts | Total Renewals | Full call number | Barcode | Date last seen | Date last checked out | Price effective from | Koha item type | Public note |
|---|---|---|---|---|---|---|---|---|---|---|---|---|---|---|---|---|---|
| Dewey Decimal Classification | RIC Library | RIC Library | 04/06/2023 | 250.00 | 2 | 5 | 152.43 KATL | 001060 | 12/13/2025 | 11/11/2025 | 04/06/2023 | Book | R-3.2 |
